[Event "BL 0506 Godesberger SK - Hamburger SK"]
[Site "?"]
[Date "2006.03.11"]
[Round "12.3"]
[White "Hansen, Sune Berg"]
[Black "Sprenger, Jan-Michael"]
[Result "1-0"]
[WhiteElo "2555"]
[BlackElo "2505"]
[PlyCount "65"]
[EventDate "2006.??.??"]

1. e4 c5 2. Nf3 d6 3. d4 cxd4 4. Nxd4 Nf6 5. Nc3 a6 6. Be2 e5 7. Nb3 Be7 8. O-O
O-O 9. Kh1 b6 10. Be3 Bb7 11. f3 b5 12. a4 b4 13. Nd5 Nxd5 14. exd5 Nd7 15. c3
bxc3 16. bxc3 Bg5 17. Bf2 Qc7 18. c4 Rfb8 19. Ra2 Bc8 20. c5 dxc5 21. d6 Qd8
22. a5 Bb7 23. Nxc5 Nxc5 24. Bxc5 Rc8 25. Bb6 Qd7 26. Bc7 Be3 27. Qb3 Bc5 28.
Qxb7 Bxd6 29. Rc2 Rab8 30. Qxb8 Rxb8 31. Bxb8 Bxb8 32. Rd1 Qe8 33. Bxa6 1-0

[Event "BL 0506 Godesberger SK - Hamburger SK"]
[Site "?"]
[Date "2006.03.11"]
[Round "12.4"]
[White "Seel, Christian"]
[Black "Wahls, Matthias"]
[Result "0-1"]
[WhiteElo "2492"]
[BlackElo "2538"]
[PlyCount "74"]
[EventDate "2006.??.??"]

1. d4 Nf6 2. c4 e6 3. Nf3 Bb4+ 4. Nbd2 O-O 5. a3 Be7 6. e4 d5 7. e5 Nfd7 8. Qc2
c5 9. Bd3 h6 10. O-O Nc6 11. Re1 a5 12. cxd5 exd5 13. dxc5 Nxc5 14. Nb3 Nxd3
15. Qxd3 Bg4 16. Nfd4 a4 17. Qg3 Qc8 18. e6 Bxe6 19. Bxh6 Bf6 20. Nxe6 fxe6 21.
Nc5 Nd4 22. Rac1 Nf5 23. Qg6 Qe8 24. Qxe8 Rfxe8 25. Bf4 Bxb2 26. Rb1 Bxa3 27.
Nxe6 Bd6 28. g4 Nd4 29. Bxd6 Nf3+ 30. Kg2 Nxe1+ 31. Rxe1 Ra6 32. f4 Rxd6 33. f5
a3 34. Ra1 Ra8 35. Kf3 a2 36. Nc7 Ra3+ 37. Kf4 Rb6 0-1

[Event "BL 0506 Godesberger SK - Hamburger SK"]
[Site "?"]
[Date "2006.03.11"]
[Round "12.5"]
[White "Mueller, Karsten Dr"]
[Black "Breder, Dennis"]
[Result "1-0"]
[WhiteElo "2489"]
[BlackElo "2431"]
[PlyCount "59"]
[EventDate "2006.??.??"]

1. e4 e5 2. Bc4 Nc6 3. d3 Nf6 4. Nc3 Na5 5. Qf3 Nxc4 6. dxc4 d6 7. Nge2 Be7 8.
O-O O-O 9. Ng3 Bg4 10. Qd3 c6 11. Bg5 Nd7 12. Bxe7 Qxe7 13. f3 Be6 14. b3 Rfd8
15. Rad1 Nf6 16. Qe3 Qc7 17. Rfe1 Qa5 18. Nf5 Bxf5 19. exf5 d5 20. Qxe5 Re8 21.
Qd4 dxc4 22. Qxc4 Qxf5 23. Ne4 Nd5 24. Qc5 Re6 25. c4 b6 26. Qd4 Nc7 27. Qd7
Qf4 28. g3 Qxf3 29. Qxc7 Rae8 30. Rd8 1-0

[Event "BL 0506 Godesberger SK - Hamburger SK"]
[Site "?"]
[Date "2006.03.11"]
[Round "12.6"]
[White "Langheinrich, Ferenc"]
[Black "Reeh, Oliver"]
[Result "1/2-1/2"]
[WhiteElo "2391"]
[BlackElo "2449"]
[PlyCount "66"]
[EventDate "2006.??.??"]

1. e4 c5 2. Nf3 d6 3. d4 cxd4 4. Nxd4 Nf6 5. Nc3 Nc6 6. Bg5 e6 7. Qd2 a6 8.
O-O-O Bd7 9. f3 Be7 10. h4 Nxd4 11. Qxd4 Bc6 12. Kb1 Qa5 13. Qd2 Qc7 14. Bd3
O-O-O 15. Ne2 h6 16. Be3 d5 17. e5 Ne4 18. Qe1 Nc5 19. f4 Kb8 20. h5 Nxd3 21.
cxd3 d4 22. Nxd4 Bd5 23. Rc1 Qd7 24. Qa5 Rc8 25. Qb6 Rxc1+ 26. Rxc1 Rc8 27.
Rxc8+ Kxc8 28. g3 Qc7 29. Qxc7+ Kxc7 30. Kc2 Kd7 31. a3 Bc5 32. Nf5 Bf8 33. Nd4
Bc5 1/2-1/2

[Event "BL 0506 Godesberger SK - Hamburger SK"]
[Site "?"]
[Date "2006.03.11"]
[Round "12.8"]
[White "Jackelen, Thomas"]
[Black "Van Delft, Merijn"]
[Result "1/2-1/2"]
[WhiteElo "2454"]
[BlackElo "2385"]
[PlyCount "167"]
[EventDate "2006.??.??"]

1. Nf3 Nf6 2. d4 d5 3. c4 c6 4. e3 a6 5. Bd3 Bg4 6. Nbd2 e6 7. O-O Nbd7 8. Qc2
Be7 9. b3 O-O 10. Bb2 Bh5 11. Ne5 Rc8 12. Rac1 dxc4 13. Ndxc4 Bg6 14. Nxg6 hxg6
15. Rfd1 Qc7 16. Be2 Qb8 17. Bf3 Rfe8 18. a3 Bd8 19. g3 Bc7 20. Bg2 Bd8 21. b4
Be7 22. Qb3 Nd5 23. Nd2 N7f6 24. Nf3 Nd7 25. Ne1 Qa7 26. Nd3 N7f6 27. Nc5 Bf8
28. Rc2 Rcd8 29. h3 Rc8 30. e4 Ne7 31. Bc1 Rcd8 32. Be3 Qa8 33. Rcd2 Nc8 34.
Bf4 Na7 35. Bc7 Rc8 36. Be5 Nb5 37. Bxf6 gxf6 38. Nd7 Bg7 39. Nb6 Qa7 40. Nxc8
Rxc8 41. a4 Nd6 42. Rc2 Rd8 43. Qc3 f5 44. e5 Nc8 45. b5 axb5 46. axb5 Bxe5 47.
bxc6 bxc6 48. Rcd2 Bf6 49. Qxc6 Nd6 50. Qc5 Qb8 51. Ra2 Qb3 52. Qc2 Qxc2 53.
Rxc2 Nb5 54. d5 e5 55. Rc6 Nd6 56. Ra1 e4 57. Ra7 Bd4 58. Ra4 Be5 59. Rca6 Kg7
60. Ra8 Rd7 61. R4a7 Rxa7 62. Rxa7 e3 63. fxe3 Bxg3 64. Kf1 Kf6 65. Ke2 Kg5 66.
Kd3 Be5 67. Re7 Kf6 68. Rd7 g5 69. Bf3 Kg6 70. Re7 Kf6 71. Ra7 Kg6 72. Ra6 Kf6
73. Kc2 Bg3 74. Ra7 Ke5 75. Kd3 Kf6 76. Ra8 Ke5 77. Rg8 Bh4 78. Kc3 Be1+ 79.
Kc2 Kf6 80. Kd3 Bf2 81. Ra8 Ke5 82. Ra2 Bg3 83. Ra7 Bf2 84. Re7+ 1/2-1/2

[Event "BL 0506 SG Köln Porz - Werder Bremen"]
[Site "?"]
[Date "2006.03.11"]
[Round "12.6"]
[White "Van den Doel, Erik"]
[Black "Babula, Vlastimil"]
[Result "1-0"]
[WhiteElo "2582"]
[BlackElo "2593"]
[PlyCount "89"]
[EventDate "2006.??.??"]

1. e4 c5 2. Nf3 d6 3. d4 cxd4 4. Nxd4 Nf6 5. Nc3 a6 6. Be3 e5 7. Nb3 Be6 8. Qd2
Be7 9. f3 O-O 10. O-O-O Nbd7 11. g4 b5 12. g5 b4 13. Ne2 Ne8 14. f4 a5 15. f5
a4 16. Nbd4 exd4 17. Nxd4 b3 18. Kb1 bxc2+ 19. Nxc2 Bb3 20. axb3 axb3 21. Na3
Ne5 22. h4 Ra5 23. Qb4 Qa8 24. Bb6 Ra4 25. Qxb3 d5 26. Qxd5 Bxa3 27. bxa3 Qb8
28. Qb5 Rxe4 29. Rd8 Re1+ 30. Ka2 Nd6 31. Rxb8 Nxb5 32. Rxf8+ Kxf8 33. a4 Nc3+
34. Kb3 Ne4 35. Bg2 Re2 36. Bxe4 Rxe4 37. a5 Nd7 38. Rd1 Ke7 39. Bd4 Rxh4 40.
a6 Rxd4 41. Rxd4 Nc5+ 42. Kc4 Nxa6 43. Rh4 Nc7 44. Rxh7 Ne8 45. Kd5 1-0

[Event "BL 0506 SG Köln Porz - Werder Bremen"]
[Site "?"]
[Date "2006.03.11"]
[Round "12.7"]
[White "Nyback, Tomi"]
[Black "Andersson, Ulf"]
[Result "1/2-1/2"]
[WhiteElo "2563"]
[BlackElo "2565"]
[PlyCount "38"]
[EventDate "2006.??.??"]

1. d4 Nf6 2. c4 e6 3. Nf3 Bb4+ 4. Bd2 Bxd2+ 5. Nbxd2 d6 6. g3 O-O 7. Bg2 c5 8.
O-O cxd4 9. Nxd4 Qb6 10. N2b3 Rd8 11. Qd2 e5 12. Nb5 Be6 13. Qa5 Nc6 14. Qxb6
axb6 15. Nc7 Rac8 16. Nd5 Bxd5 17. cxd5 Nb4 18. Rfd1 Rc2 19. Rd2 Rdc8 1/2-1/2

[Event "BL 0506 SG Köln Porz - Werder Bremen"]
[Site "?"]
[Date "2006.03.11"]
[Round "12.8"]
[White "Kengis, Edwin"]
[Black "Schandorff, Lars"]
[Result "1-0"]
[WhiteElo "2528"]
[BlackElo "2517"]
[PlyCount "106"]
[EventDate "2006.??.??"]

1. c4 e6 2. Nf3 d5 3. d4 Nf6 4. Nc3 Bb4 5. Bg5 Nbd7 6. cxd5 exd5 7. e3 c5 8.
Bd3 c4 9. Bc2 Qa5 10. O-O O-O 11. Ne5 Re8 12. f4 Bxc3 13. bxc3 Qa6 14. Qe2 Qd6
15. Rab1 b6 16. Bh4 Bb7 17. Ba4 Rec8 18. g4 Nf8 19. Bxf6 Qxf6 20. g5 Qe7 21.
Qg2 Kh8 22. Kh1 Rc7 23. Rf3 f6 24. gxf6 Qxf6 25. Bc2 Re8 26. Rg1 Bc8 27. f5
Rxe5 28. dxe5 Qxe5 29. f6 g6 30. Qd2 Rf7 31. Qd4 Nd7 32. Rgf1 Bb7 33. Ba4 Qe6
34. Bxd7 Qxd7 35. e4 Kg8 36. e5 Qc6 37. Rg3 Bc8 38. h4 Qc5 39. Rf4 Kf8 40. Kh2
Be6 41. Qd2 Ke8 42. Rd4 b5 43. h5 a5 44. hxg6 hxg6 45. Rxg6 b4 46. Rg8+ Kd7 47.
Rg7 bxc3 48. Rxf7+ Bxf7 49. Qxc3 Qb4 50. Qh3+ Kc7 51. Qe3 Qb1 52. Rg4 Qf5 53.
Rg7 d4 1-0

[Event "BL 0506 SG Kirchheim - Werder Bremen"]
[Site "?"]
[Date "2006.02.19"]
[Round "11.2"]
[White "Gschnitzer, Oswald Dr"]
[Black "Efimenko, Zahar"]
[Result "1/2-1/2"]
[WhiteElo "2427"]
[BlackElo "2637"]
[PlyCount "91"]
[EventDate "2006.??.??"]

1. Nf3 g6 2. c4 d6 3. d4 Nf6 4. Nc3 Bf5 5. Bg5 Bg7 6. e3 h6 7. Bh4 g5 8. Bg3
Nh5 9. Bd3 Bd7 10. Nd2 Nxg3 11. hxg3 c5 12. d5 Na6 13. g4 Qa5 14. Nde4 O-O-O
15. O-O Be5 16. a3 h5 17. gxh5 g4 18. Ng3 Bxc3 19. bxc3 Qxc3 20. Qc2 Qxc2 21.
Bxc2 Nc7 22. f3 Rdg8 23. Kf2 b5 24. Bd3 gxf3 25. gxf3 bxc4 26. Bxc4 e6 27. Rad1
exd5 28. Bxd5 Nxd5 29. Rxd5 Kc7 30. Rfd1 Rh6 31. Ne4 Be6 32. Rxd6 Rxh5 33. Ke2
Rh2+ 34. Kd3 Bb3 35. Rc1 c4+ 36. Kc3 Re2 37. Rf6 Rxe3+ 38. Kb4 Rg6 39. Rxf7+
Kb6 40. Rf5 a6 41. Nd2 Rc6 42. a4 Rd3 43. a5+ Kc7 44. Ne4 Bd1 45. Nc5 Rxf3 46.
Rxf3 1/2-1/2

[Event "BL 0506 SG Kirchheim - Werder Bremen"]
[Site "?"]
[Date "2006.02.19"]
[Round "11.3"]
[White "Hracek, Zbynek"]
[Black "Beckhuis, Gernod"]
[Result "1-0"]
[WhiteElo "2581"]
[BlackElo "2328"]
[PlyCount "109"]
[EventDate "2006.??.??"]

1. e4 e5 2. Nf3 Nc6 3. Bc4 Nf6 4. d3 Bc5 5. c3 d6 6. Bb3 O-O 7. O-O Qe7 8. Nbd2
Be6 9. Bc2 a5 10. h3 h6 11. Re1 Nh7 12. Nf1 Qf6 13. Ne3 Ng5 14. Nxg5 hxg5 15.
Qh5 Qh6 16. Qxh6 gxh6 17. Nd5 Bxd5 18. exd5 Nb8 19. h4 f6 20. Ba4 Rf7 21. Be8
Re7 22. Bg6 Nd7 23. Bd2 Rg7 24. Bf5 Nf8 25. h5 Re7 26. Kf1 Kg7 27. Re4 Nd7 28.
Rae1 c6 29. dxc6 bxc6 30. Bxd7 Rxd7 31. Rc4 Rc7 32. d4 Bb6 33. dxe5 fxe5 34.
Ra4 Rf7 35. f3 Kf6 36. Ke2 d5 37. Kd3 Bf2 38. Re2 Bb6 39. c4 Rfa7 40. Bc3 Re8
41. g3 Kf5 42. cxd5 cxd5 43. g4+ Kf6 44. f4 gxf4 45. Rxf4+ Kg5 46. Rxe5+ Rxe5
47. Bxe5 Re7 48. Rf6 Rxe5 49. Rxb6 Re1 50. Rg6+ Kf4 51. Rxh6 Rd1+ 52. Kc2 Rh1
53. Rh8 Ke4 54. h6 Rh2+ 55. Kb3 1-0

[Event "BL 0506 SG Kirchheim - Werder Bremen"]
[Site "?"]
[Date "2006.02.19"]
[Round "11.4"]
[White "Wintzer, Joachim Dr"]
[Black "Pelletier, Yannick"]
[Result "0-1"]
[WhiteElo "2324"]
[BlackElo "2583"]
[PlyCount "40"]
[EventDate "2006.??.??"]

1. c4 Nf6 2. Nc3 e5 3. Nf3 Nc6 4. e3 Bb4 5. Qc2 Bxc3 6. Qxc3 Qe7 7. a3 d5 8. d4
exd4 9. Nxd4 Nxd4 10. Qxd4 O-O 11. b4 dxc4 12. Bxc4 Rd8 13. Qh4 b5 14. Be2 Qe5
15. Ra2 Qc3+ 16. Bd2 Qb3 17. Ra1 Rxd2 18. Kxd2 Qb2+ 19. Kd3 Bf5+ 20. e4 Rd8+
0-1

[Event "BL 0506 SG Kirchheim - Werder Bremen"]
[Site "?"]
[Date "2006.02.19"]
[Round "11.5"]
[White "Babula, Vlastimil"]
[Black "Vonthron, Horst"]
[Result "1-0"]
[WhiteElo "2593"]
[BlackElo "2339"]
[PlyCount "83"]
[EventDate "2006.??.??"]

1. d4 Nf6 2. c4 g6 3. Nc3 Bg7 4. e4 O-O 5. Nf3 d6 6. Be2 e5 7. O-O Nc6 8. d5
Ne7 9. b4 Nh5 10. Re1 a5 11. bxa5 Rxa5 12. a4 f5 13. Nd2 Nf4 14. Bf1 c5 15. g3
Nh5 16. exf5 Nxf5 17. Nde4 Nd4 18. Bg2 h6 19. Nb5 Ra6 20. Rb1 Nf6 21. Rb2 Rf7
22. Nxd4 exd4 23. Nxf6+ Qxf6 24. Re8+ Rf8 25. Rxf8+ Bxf8 26. Bd2 d3 27. Rb1 Qd4
28. Qb3 Bg7 29. a5 Ra8 30. Re1 Bf5 31. Re3 Rxa5 32. Bxa5 Qa1+ 33. Bf1 Bd4 34.
Re8+ Kf7 35. Re1 Qxa5 36. Qxb7+ Kf8 37. Qb8+ Kg7 38. Re7+ Kf6 39. Qxd6+ Kg5 40.
Qf4+ Kf6 41. Qd6+ Kg5 42. Bxd3 1-0

[Event "BL 0506 SG Kirchheim - Werder Bremen"]
[Site "?"]
[Date "2006.02.19"]
[Round "11.6"]
[White "Zuse, Klaus-Peter"]
[Black "Nyback, Tomi"]
[Result "1-0"]
[WhiteElo "2333"]
[BlackElo "2563"]
[PlyCount "91"]
[EventDate "2006.??.??"]

1. e4 d6 2. d4 Nf6 3. Nc3 g6 4. f4 Bg7 5. Nf3 O-O 6. Bd3 Na6 7. Be3 c5 8. h3
cxd4 9. Bxd4 Nc5 10. Qd2 b6 11. O-O-O Bb7 12. Rhe1 Rc8 13. Kb1 b5 14. Bxc5 Rxc5
15. e5 dxe5 16. fxe5 Nd5 17. Ne4 Rc8 18. Bxb5 Qb6 19. Ba4 Rfd8 20. Qc1 a5 21.
a3 Rc4 22. Bb3 Rxe4 23. Rxe4 Nc3+ 24. bxc3 Rxd1 25. Qxd1 Bxe4 26. Ka2 Bxf3 27.
gxf3 Bxe5 28. Qd5 Qf6 29. Qxa5 Bxc3 30. Qa8+ Kg7 31. Bd5 e6 32. Be4 Qd4 33. Kb3
Bb2 34. Qc6 Bc1 35. a4 Qb2+ 36. Kc4 Be3 37. Qb5 Qa3 38. Qb4 Qxb4+ 39. Kxb4 Kf6
40. c4 Ke5 41. c5 f5 42. Bb7 Kd4 43. Kb5 Bf4 44. a5 Bb8 45. Kb6 e5 46. c6 1-0

[Event "BL 0506 SG Kirchheim - Werder Bremen"]
[Site "?"]
[Date "2006.02.19"]
[Round "11.7"]
[White "Fish, Gennadij"]
[Black "Adler, Joel Dr"]
[Result "1-0"]
[WhiteElo "2550"]
[BlackElo "2318"]
[PlyCount "67"]
[EventDate "2006.??.??"]

1. d4 d6 2. Nf3 Nf6 3. c4 g6 4. Nc3 Bf5 5. Nh4 Bd7 6. e4 e5 7. Nf3 Bg7 8. dxe5
dxe5 9. Be2 O-O 10. Nxe5 Nxe4 11. Nxe4 Bxe5 12. Bg5 f6 13. Qd5+ Kg7 14. Qxe5
fxe5 15. Bxd8 Rxd8 16. Nc5 Bc8 17. Bf3 c6 18. Rd1 Rxd1+ 19. Kxd1 Nd7 20. Nd3
Kf6 21. Re1 h5 22. Kd2 a5 23. Kc3 Ra6 24. c5 a4 25. Kb4 b6 26. cxb6 Rxb6+ 27.
Ka3 Ba6 28. Nb4 Bb5 29. Rc1 Nb8 30. h4 Kf5 31. Re1 Nd7 32. Be4+ Kf6 33. Rc1 Nb8
34. Rc3 1-0

[Event "BL 0506 SG Kirchheim - Werder Bremen"]
[Site "?"]
[Date "2006.02.19"]
[Round "11.8"]
[White "Mudelsee, Manfred Dr"]
[Black "Schandorff, Lars"]
[Result "1/2-1/2"]
[WhiteElo "2285"]
[BlackElo "2517"]
[PlyCount "43"]
[EventDate "2006.??.??"]

1. e4 c6 2. d4 d5 3. exd5 cxd5 4. Bd3 Nc6 5. c3 Qc7 6. Bg5 Nf6 7. Nd2 Bg4 8.
Ngf3 e6 9. Bh4 Bh5 10. Bg3 Bd6 11. O-O O-O 12. Re1 Rab8 13. Qe2 a6 14. a4 Rfe8
15. Qe3 Bxg3 16. hxg3 Nd7 17. Qg5 Bxf3 18. Nxf3 e5 19. dxe5 Ncxe5 20. Nxe5 Rxe5
21. Rxe5 Qxe5 22. Qxe5 1/2-1/2

[Event "BL 0506 OSC Baden Baden - Hamburger SK"]
[Site "?"]
[Date "2006.02.19"]
[Round "11.1"]
[White "Gustafsson, Jan"]
[Black "Anand, Viswanathan"]
[Result "0-1"]
[WhiteElo "2615"]
[BlackElo "2788"]
[PlyCount "78"]
[EventDate "2006.??.??"]

1. d4 Nf6 2. c4 e6 3. Nf3 d5 4. e3 a6 5. Nbd2 c5 6. cxd5 exd5 7. b3 cxd4 8.
Nxd4 Bb4 9. Qc2 O-O 10. Be2 Bd7 11. O-O Nc6 12. Nxc6 Bxc6 13. a3 Ba5 14. Bb2
Rc8 15. Bd4 Bb5 16. Qd1 Bxe2 17. Qxe2 Bc3 18. Bxc3 Rxc3 19. Rac1 d4 20. exd4
Qxd4 21. Rxc3 Qxc3 22. Qd1 g6 23. Nc4 Re8 24. h3 Re6 25. a4 h5 26. a5 Kg7 27.
Qf3 Qxf3 28. gxf3 h4 29. Rd1 Nh5 30. Rd7 Re1+ 31. Kh2 Re2 32. Rd2 Rxd2 33. Nxd2
Kf6 34. Ne4+ Ke5 35. Nc5 Nf4 36. Nxb7 Ne6 37. b4 Kd5 38. b5 axb5 39. a6 Kc6 0-1

[Event "BL 0506 OSC Baden Baden - Hamburger SK"]
[Site "?"]
[Date "2006.02.19"]
[Round "11.5"]
[White "Mueller, Karsten Dr"]
[Black "Dautov, Rustem"]
[Result "1-0"]
[WhiteElo "2489"]
[BlackElo "2581"]
[PlyCount "93"]
[EventDate "2006.??.??"]

1. e4 c6 2. Nf3 d5 3. exd5 cxd5 4. Ne5 Nd7 5. d4 e6 6. Bd3 Ne7 7. O-O Nxe5 8.
dxe5 Nc6 9. f4 Qb6+ 10. Kh1 Bd7 11. c3 O-O-O 12. Qe2 f6 13. Be3 Bc5 14. Bxc5
Qxc5 15. Nd2 fxe5 16. fxe5 Rdf8 17. Nf3 h6 18. Rac1 Qb6 19. b4 Kb8 20. a4 Rc8
21. Bb5 Rhf8 22. Qd2 a6 23. Bd3 Be8 24. b5 axb5 25. axb5 Ne7 26. Rfe1 Bg6 27.
Bxg6 Nxg6 28. Nd4 Ne7 29. Ra1 Nf5 30. Qa2 Nxd4 31. cxd4 Kc7 32. Qa3 Kd7 33. Rf1
Rf5 34. g4 Rxf1+ 35. Rxf1 Kc7 36. Rc1+ Kb8 37. Rxc8+ Kxc8 38. Qf8+ Qd8 39. Qxg7
Qa5 40. Qf8+ Kd7 41. Qd6+ Kc8 42. Qxe6+ Kb8 43. Qd6+ Ka7 44. Qc5+ Kb8 45. Qf8+
Ka7 46. b6+ Qxb6 47. Qc5 1-0

[Event "BL 0506 OSC Baden Baden - Hamburger SK"]
[Site "?"]
[Date "2006.02.19"]
[Round "11.6"]
[White "Schlosser, Philipp"]
[Black "Heinemann, Thies"]
[Result "1-0"]
[WhiteElo "2560"]
[BlackElo "2441"]
[PlyCount "67"]
[EventDate "2006.??.??"]

1. Nf3 c5 2. c4 Nf6 3. Nc3 b6 4. d4 cxd4 5. Nxd4 Bb7 6. f3 d6 7. e4 e6 8. Be2
Be7 9. O-O a6 10. Be3 O-O 11. Qd2 Qc7 12. Rfc1 Rc8 13. Kh1 Bd8 14. b4 Qe7 15.
Na4 Nfd7 16. Nb3 Bc7 17. c5 dxc5 18. bxc5 Be5 19. Rab1 bxc5 20. Naxc5 Nxc5 21.
Nxc5 Bc6 22. a4 Rd8 23. Qa5 Bc7 24. Qc3 Qh4 25. Bg1 Bd6 26. Nb7 Bxb7 27. Rxb7
Nd7 28. a5 Nf6 29. Qe1 Qh6 30. Rd1 Nh5 31. Qh4 Qg6 32. e5 Bc7 33. Rxc7 Rdb8 34.
f4 1-0

[Event "BL 0506 OSC Baden Baden - Hamburger SK"]
[Site "?"]
[Date "2006.02.19"]
[Round "11.7"]
[White "Van Delft, Merijn"]
[Black "Buhmann, Rainer"]
[Result "0-1"]
[WhiteElo "2385"]
[BlackElo "2546"]
[PlyCount "172"]
[EventDate "2006.??.??"]

1. e4 e6 2. d4 d5 3. Nd2 c5 4. exd5 Qxd5 5. Ngf3 cxd4 6. Bc4 Qd6 7. Bb3 Nf6 8.
Nc4 Qa6 9. Nxd4 Be7 10. a4 O-O 11. Qe2 Rd8 12. c3 Bd7 13. O-O Nc6 14. Nb5 Na5
15. Nxa5 Qxa5 16. Bf4 Rac8 17. Rfd1 Qb6 18. Bc4 a6 19. Nd4 Qc5 20. Bb3 Qh5 21.
Qxh5 Nxh5 22. Be3 Nf6 23. Nf3 Bc6 24. Ne5 Bd5 25. c4 Be4 26. f3 Bg6 27. Kf1 Kf8
28. a5 Bb4 29. Rxd8+ Rxd8 30. Nxg6+ hxg6 31. Ke2 Nd7 32. Ra4 Bd6 33. Bc2 f5 34.
h3 Rc8 35. b3 Ke7 36. Bg5+ Kf7 37. Bd2 Kf6 38. Ra2 g5 39. Bd3 Bf4 40. Be1 Nc5
41. Bc2 Be5 42. Bd1 Bd4 43. b4 Nd7 44. Kd3 e5 45. c5 Nf8 46. Kc4 Ne6 47. Ba4
Nf4 48. h4 gxh4 49. Bxh4+ g5 50. Be1 Ne6 51. g4 fxg4 52. fxg4 Rh8 53. Re2 Nf4
54. Rc2 Rh1 55. Bc3 Bxc3 56. Rxc3 e4 57. c6 bxc6 58. Bxc6 Ke5 59. b5 axb5+ 60.
Bxb5 Nd5 61. Rg3 Rc1+ 62. Kb3 Rc5 63. Ka4 Kf4 64. Ra3 Nc3+ 65. Kb4 Nxb5 66.
Kxc5 Nxa3 67. a6 e3 68. a7 e2 69. a8=Q e1=Q 70. Qg2 Qc3+ 71. Kd6 Nc4+ 72. Ke7
Qe5+ 73. Kf8 Qe4 74. Qg1 Ne3 75. Kg7 Nxg4 76. Qc1+ Ne3 77. Qg1 g4 78. Kh6 Qf5
79. Qf2+ Ke4 80. Qe1 Qf4+ 81. Kh5 g3 82. Qb1+ Kf3 83. Qb7+ Qe4 84. Qb6 Qg4+ 85.
Kh6 Nf5+ 86. Kh7 Qg7# 0-1

[Event "BL 0506 OSC Baden Baden - Hamburger SK"]
[Site "?"]
[Date "2006.02.19"]
[Round "11.8"]
[White "Doettling, Fabian"]
[Black "Sebastian, Dirk"]
[Result "1-0"]
[WhiteElo "2542"]
[BlackElo "2362"]
[PlyCount "133"]
[EventDate "2006.??.??"]

1. d4 d5 2. Nf3 Nf6 3. c4 e6 4. Nc3 dxc4 5. e4 Bb4 6. Bg5 c5 7. Bxc4 cxd4 8.
Nxd4 Bxc3+ 9. bxc3 Qa5 10. Nb5 Nxe4 11. Bf4 O-O 12. O-O Bd7 13. a4 Bc6 14. Bc7
b6 15. Bd6 Nxd6 16. Qxd6 a6 17. Nc7 Qg5 18. Qg3 Qxg3 19. fxg3 Ra7 20. Nxe6 fxe6
21. Bxe6+ Raf7 22. Rad1 Nd7 23. a5 bxa5 24. Rd6 Ba4 25. Rxf7 Rxf7 26. Rxa6 Kf8
27. Bxf7 Kxf7 28. Rxa5 Bc6 29. g4 Ke6 30. g5 Ne5 31. Ra7 Bd7 32. Ra8 Nf7 33.
Rg8 g6 34. h4 Ke7 35. Ra8 Be8 36. Ra7+ Bd7 37. Ra8 Be8 38. Ra7+ Bd7 39. Ra5 Nd6
40. Re5+ Be6 41. Kf2 Kf7 42. Kf3 Nf5 43. g3 Ne7 44. Ke4 Bf5+ 45. Kf4 Bd7 46. c4
Nc6 47. Rd5 Ke6 48. Rd2 Na5 49. Re2+ Kf7 50. c5 Nc6 51. Ke4 Ke6 52. Rd2 Ke7 53.
Rd6 Be8 54. Kd5 Nb4+ 55. Kc4 Nc6 56. Rd1 Bd7 57. Kb5 Nd8+ 58. Kb6 Ba4 59. Rd4
Be8 60. Re4+ Kd7 61. Re1 Ne6 62. c6+ Kd6 63. Rd1+ Ke5 64. c7 Nxc7 65. Kxc7 Bb5
66. Rb1 Bd3 67. Rb4 1-0

[Event "BL 0506 SF Katernberg - Godesberger SK"]
[Site "?"]
[Date "2006.02.19"]
[Round "11.2"]
[White "Kritz, Leonid"]
[Black "Jenni, Florian"]
[Result "1-0"]
[WhiteElo "2545"]
[BlackElo "2502"]
[PlyCount "71"]
[EventDate "2006.??.??"]

1. Nf3 Nf6 2. b3 c5 3. Bb2 e6 4. e3 Be7 5. d4 b6 6. Bd3 Bb7 7. O-O O-O 8. c4 d6
9. Nc3 cxd4 10. Nxd4 Nbd7 11. Rc1 Rc8 12. Bb1 a6 13. Qe2 Qc7 14. e4 Qb8 15. f4
Rfe8 16. Rce1 e5 17. Nf5 Bf8 18. fxe5 dxe5 19. Nd5 Bxd5 20. cxd5 g6 21. Ne3 b5
22. Qf3 Bg7 23. Re2 Qd6 24. Kh1 h5 25. Nc2 Bf8 26. Bc1 Rc7 27. Bg5 Be7 28. Bd2
Rec8 29. Ba5 Ra7 30. Nb4 Nb8 31. Nd3 Qa3 32. d6 Qxa5 33. dxe7 Nbd7 34. Nxe5
Nxe5 35. Qxf6 b4 36. Rd2 1-0

[Event "BL 0506 SF Katernberg - Godesberger SK"]
[Site "?"]
[Date "2006.02.19"]
[Round "11.3"]
[White "Sprenger, Jan-Michael"]
[Black "Chuchelov, Vladimir"]
[Result "1/2-1/2"]
[WhiteElo "2505"]
[BlackElo "2534"]
[PlyCount "83"]
[EventDate "2006.??.??"]

1. e4 c5 2. Nf3 e6 3. d4 cxd4 4. Nxd4 a6 5. Nc3 Qc7 6. Bd3 Nf6 7. f4 b5 8. e5
b4 9. Ne4 Nxe4 10. Bxe4 Bb7 11. Qf3 Bxe4 12. Qxe4 Nc6 13. Nxc6 Qb7 14. Be3 Rc8
15. O-O-O Qxc6 16. Qxc6 Rxc6 17. Rd3 Be7 18. Rhd1 Rc7 19. Bd4 f6 20. c3 bxc3
21. Rxc3 Rxc3+ 22. Bxc3 fxe5 23. Bxe5 Rf8 24. g3 g5 25. Rd4 gxf4 26. gxf4 Bd8
27. b4 d5 28. Rd3 Kd7 29. Ra3 a5 30. bxa5 Bc7 31. a6 Bxe5 32. fxe5 Kc6 33. a7
Kb7 34. Kd2 Ra8 35. Rh3 Kxa7 36. Rxh7+ Kb6 37. Re7 Kc5 38. Rxe6 Kd4 39. Kc1
Rxa2 40. Re8 Rxh2 41. e6 Kc5 42. e7 1/2-1/2

[Event "BL 0506 SF Katernberg - Godesberger SK"]
[Site "?"]
[Date "2006.02.19"]
[Round "11.4"]
[White "Glek, Igor V"]
[Black "Breder, Dennis"]
[Result "1/2-1/2"]
[WhiteElo "2566"]
[BlackElo "2431"]
[PlyCount "141"]
[EventDate "2006.??.??"]

1. g3 c5 2. Bg2 g6 3. e4 Bg7 4. f4 Nc6 5. c3 d6 6. Ne2 e5 7. O-O Nge7 8. d3 O-O
9. Nd2 h6 10. Nc4 Be6 11. Ne3 Qd7 12. Nd5 f5 13. Be3 Rae8 14. Qd2 Kh7 15. Kh1
Bg8 16. Rae1 b6 17. b3 fxe4 18. Nxe7 Nxe7 19. dxe4 Be6 20. c4 Rd8 21. Rf2 Bh3
22. Bxh3 Qxh3 23. Ref1 exf4 24. gxf4 Nc6 25. Rg1 Bf6 26. Ng3 Bd4 27. Rfg2 Bxe3
28. Qxe3 Nd4 29. f5 g5 30. Qd3 Kh8 31. Qd1 Rde8 32. Rd2 Re5 33. b4 h5 34. bxc5
bxc5 35. Rd3 Qg4 36. Qxg4 hxg4 37. Rb1 Re7 38. Ra3 Rh7 39. Ra6 Nf3 40. Rb2 Rd7
41. Kg2 Ne1+ 42. Kf1 Nf3 43. Ke2 Ne5 44. Ra4 Kg7 45. Kd2 Rh8 46. Kc3 Nf3 47.
Ra6 Rh3 48. e5 Nxe5 49. Rd2 Nf3 50. Raxd6 Rxd6 51. Rxd6 Nxh2 52. Rd3 Nf3 53.
Ne4 Ne5 54. Rg3 Kh6 55. Kc2 Rxg3 56. Nxg3 Nxc4 57. Ne4 Ne3+ 58. Kd3 Nxf5 59.
Nxc5 Kh5 60. Ke2 Kh4 61. Ne6 g3 62. Kf3 g4+ 63. Kg2 Ne3+ 64. Kg1 g2 65. Kh2 g3+
66. Kg1 Kg4 67. a4 Kf3 68. Nd4+ Kf4 69. a5 Nf5 70. Nxf5 Kxf5 71. Kxg2 1/2-1/2

[Event "BL 0506 SF Katernberg - Godesberger SK"]
[Site "?"]
[Date "2006.02.19"]
[Round "11.5"]
[White "Langheinrich, Ferenc"]
[Black "L'Ami, Erwin"]
[Result "1/2-1/2"]
[WhiteElo "2391"]
[BlackElo "2541"]
[PlyCount "112"]
[EventDate "2006.??.??"]

1. e4 e5 2. Nf3 Nc6 3. Bb5 a6 4. Ba4 Nf6 5. O-O Be7 6. Re1 b5 7. Bb3 d6 8. c3
O-O 9. h3 Nb8 10. d4 Nbd7 11. Nbd2 Bb7 12. Bc2 Re8 13. a4 Bf8 14. d5 c6 15. c4
bxc4 16. dxc6 Bxc6 17. Nxc4 Nc5 18. Bg5 Rb8 19. a5 Rb4 20. b3 h6 21. Bxf6 Qxf6
22. Re3 Reb8 23. Nb6 Qe6 24. Qe1 Rb5 25. b4 Nd7 26. Ba4 Nxb6 27. Bxb5 Bxb5 28.
axb6 Be7 29. Rc3 Bd8 30. Qd2 Bxb6 31. Rd1 Rd8 32. Qd5 Qxd5 33. Rxd5 Kf8 34. g4
Ke7 35. Kg2 g6 36. Rc1 Ke6 37. Rd2 f5 38. exf5+ gxf5 39. Nh4 f4 40. Nf5 e4 41.
Rdc2 h5 42. Rc8 Rxc8 43. Rxc8 hxg4 44. hxg4 d5 45. Rb8 f3+ 46. Kg1 Bc7 47. Rb7
Be5 48. Rb6+ Kd7 49. g5 d4 50. g6 d3 51. Ne3 d2 52. g7 Bc4 53. Rxa6 Bd4 54. Nd1
Bb3 55. Rg6 Bg8 56. Ra6 Ke7 1/2-1/2

[Event "BL 0506 SF Katernberg - Godesberger SK"]
[Site "?"]
[Date "2006.02.19"]
[Round "11.6"]
[White "Siebrecht, Sebastian"]
[Black "Grafl, Florian"]
[Result "1-0"]
[WhiteElo "2485"]
[BlackElo "2413"]
[PlyCount "57"]
[EventDate "2006.??.??"]

1. d4 f5 2. g3 Nf6 3. Bg2 g6 4. Nf3 Bg7 5. O-O O-O 6. b3 d6 7. Bb2 Ne4 8. c4
Nc6 9. Nc3 Nxc3 10. Bxc3 e5 11. d5 Nb8 12. b4 Nd7 13. Rc1 Nf6 14. Qb3 h6 15. c5
b5 16. Nxe5 dxe5 17. d6+ Kh7 18. Bxa8 cxd6 19. Rfd1 Bd7 20. Bg2 dxc5 21. bxc5
Qe8 22. c6 Be6 23. Qxb5 e4 24. a4 Rf7 25. c7 Qc8 26. Ba5 Bd7 27. Qb8 Rf8 28.
Qxa7 Ng4 29. Qb8 1-0